000 00734nam a2200229 a 4500
001 18350
003 CO-ViMGA
008 141112s2004 ck r 000 u spa d
020 _a9687529776
040 _aCO-ViMGA
_bspa
_cCO-ViMGA
082 0 4 _a658.4 H477a
100 1 _aHitt, Michael A.; Ireland, R. Duane; Hoskisson, Robert E.
_926104
245 1 0 _aAdministración estrategica :
_bConceptos , competitividad y globalización
260 _aMexico,
_cThomson,
_c2001
300 _a502.p.
590 _aForma de adquisición : Premio - Mincultura
650 1 4 _aCAMBIO ORGANIZACIONAL
650 1 4 _aCOMPETENCIA ECONOMICA
_916400
650 1 4 _aCOMPETITIVIDAD
_949710
650 1 4 _aPLANIFICACION EMPRESARIAL
_916402
942 _2ddc
_cBK
999 _c27654
_d27654